1847 1281 1570 1437 1271 1872 1458 1201 1754 1734 1597 1173 1620 1574 1087 1173 1480 1348 1770 1258 1416 1051 1982 1809 1103 1521 1075 1121 1228 1293 1443 1250 1921 1974 1385 1732 1360 1675 1036 1077 1026 1841 1293 1798 1658 1837 1558 1023 1686 1169 1228 1872 1685 1931 1030 1862 1607 1159 1664 1421 1048 1423 1344 1085 1444 1101 1156 1260 1520 1564 1198 1608 1128 1705 1725 1114 1383 1381 1985 1758 1721 1099 1833 1720 1550 1904 1710 1554 1279 1630 1384 1779 1282 1495 1625 1696 1112 1224 1155 BCNSPRNW ULIB Ver.6.0+V

เปลี่ยนเป็นภาษาไทย

Change to English
 แสดงรายละเอียดบรรณานุกรม
  กลับหน้าหลัก

Brief Record : Get Marc (ISO 2709) : E-mail record : QR code < ปิดหน้าต่าง
LEADER : 00000nam 2200000uu 4500
001    13399114725
003     ULIB
008    120504s2553||||th 000 0 tha d
020    ^a9789744019424
060 04 ^aWY156^bพ587ก
100 0  ^aพัสมณฑ์ คุ้มทวีพร
245 10 ^aการพยาบาลผู้ป่วยมะเร็ง :^bการป้องกันและการดูแลผู้ป่วย = Oncology nursing : Prevention and caring/^cพัสมณฑ์ คุ้มทวีพร
246    ^aOncology nursing : Prevention and caring.
250    ^aพิมพ์ครั้งที่ 1
260    ^aกรุงเทพฯ :^bฮายาบุสะ กราฟฟิก,^c2553
300    ^a204 หน้า :^bภาพประกอบ ;^c26 ซม.
650  4 ^aการส่งเสริมสุขภาพ
650  4 ^aมะเร็ง^xการป้องกันและควบคุม
650  4 ^aมะเร็ง^xการพยาบาล
945    ^p250^l0^i19001
945    ^p250^l0^i19002
945    ^p250^l0^i19003
945    ^p250^l0^i19004
995    ^aเกษร
999    ^aใช้งานได้ทุกระบบ
รายการนี้ยังไม่มีแท็ก
คุณยังไม่ได้ล็อกอิน คุณสามารถมีกิจกรรมร่วมกับเว็บไซต์ได้ แต่ต้องล็อกอินก่อน ::
  ล็อกอิน

รายการสื่อสารสนเทศ

ลำดับที่ ประเภท เลขเรียก/บาร์โค้ด สถานที่ สถานะ
1. วิทยาศาสตร์การแพทย์ และสุขภาพ
หนังสือสำรอง
สถานะ=หนังสือสำรอง
WY156 พ587ก ฉ.1 
  Barcode: 19001
ห้องสมุดวิทยาเขตนครสวรรค์
►ส่วนจัดเก็บหนังสือเก่า นว.
บนชั้น
  ขอยืม
2. วิทยาศาสตร์การแพทย์ และสุขภาพ
วิทยาศาสตร์การแพทย์ และสุขภาพ
WY156 พ587ก ฉ.2 
  Barcode: 19002
ห้องสมุดวิทยาเขตนครสวรรค์
►ส่วนจัดเก็บหนังสือเก่า นว.
บนชั้น
  ขอยืม
3. วิทยาศาสตร์การแพทย์ และสุขภาพ
วิทยาศาสตร์การแพทย์ และสุขภาพ
WY156 พ587ก ฉ.3 
  Barcode: 19003
ห้องสมุดวิทยาเขตนครสวรรค์
►ส่วนจัดเก็บหนังสือเก่า นว.
บนชั้น
  ขอยืม
4. วิทยาศาสตร์การแพทย์ และสุขภาพ
วิทยาศาสตร์การแพทย์ และสุขภาพ
WY156 พ587ก ฉ.4 
  Barcode: 19004
ห้องสมุดวิทยาเขตนครสวรรค์
►ส่วนจัดเก็บหนังสือเก่า นว.
บนชั้น
  ขอยืม

รายการใกล้เคียง
    ผู้แต่ง [พัสมณฑ์ คุ้มทวีพร]

    หัวเรื่อง [การส่งเสริมสุขภาพ]
    หัวเรื่อง [มะเร็ง การป้องกันและควบคุม]

BibComment


ยังไม่เคยถูกคอมเมนท์

คอมเมนท์ทรัพยากรรายการนี้
  คอมเมนท์: การพยาบาลผู้ป่วย..


 Copyright 2026. Bcnsprnw @Library